Governadores Da Bahia - Statistics

Estatísticas Gerais
  • Esse quiz foi jogado 78 vezes
  • A pontuação média é 9 de 14
Estatísticas das Respostas
Inicio do mandato Governador % Correto
2019 Rui Costa
97%
2011 Jaques Wagner
94%
2007 Jaques Wagner
91%
2023 Jerônimo Rodrigues
88%
1991 ACM
86%
2015 Rui Costa
75%
1995 Paulo Souto
69%
1999 César Borges
56%
2003 Paulo Souto
55%
1987 Waldir Pires
53%
1994 Antônio Imbassahy
50%
2002 Otto Alencar
48%
1989 Nilo Coelho
36%
1994 Ruy Trindad
27%
Nenhum quiz correspondente encontrado
Distribuição das Pontuações
Porcentagem de Pessoas com Cada Pontuação
Percentil de Números Respondidos
Sua Pontuação Histórica
Você não jogou esse quiz